taco hemingway wszystkie piosenki 2014-2023 bez skitów - Statystyki

Ogólne statystyki
  • Ten quiz został rozwiązany 306 razy
    291 od ostatniego zresetowania
  • Średni wynik to 90 z 135
Statystyki odpowiedzi
album piosenka % Poprawnych
marmur marmur
97%
trójkąt
95%
wosk wosk
93%
następna stacja
92%
szprycer nostalgia
92%
trójkąt warszawski szlugi i kalafiory
92%
marsz, marsz
90%
Mięso
90%
6 zer
89%
cafe belga cafe belga
89%
(przerywnik)
88%
wszystko jedno
88%
żyrandol
87%
900729
86%
1-800-oświecenie 1-800-oświecenie
85%
polskie tango
85%
tamagotchi
85%
krwawa jesień
84%
deszcz na betonie (?)
83%
Białkoholicy
82%
europa
82%
makarena freestyle
82%
8 kobiet
81%
awizo
81%
kabriolety
81%
gelato
79%
tlen
79%
w piątki leże w wannie
79%
+4822
77%
chodź
77%
pocztówka z wwa, lato'19 człowiek z dziurą zamiast krtani
77%
100kmh
76%
grubo-chude psy
76%
wiatr
76%
a mówiłem ci
75%
kryptowaluty
75%
europa luxembourg
75%
cichosza
74%
mix sałat
74%
Nametag
74%
Niedziela
74%
umowa o dzieło od zera
74%
pin
72%
tsunami blond
72%
1000 dni freestyle
71%
4 am in girona
71%
anja
71%
dele
71%
eineceiwśo-008-1
71%
main stage freestyle
71%
sanatorium
71%
antysmogowa maska w moim carry-on baggage
70%
flagey bakayoko
70%
całe lata
70%
fiji
70%
soma 0.5mg intro
70%
motorola
70%
nóż
70%
ztm
70%
żywot
70%
mgła I (siwe włosy)
69%
pakiet platinium
69%
świecące prostokąty
69%
2031
68%
metallica 808
68%
reżyseria: Kubrick
68%
toskania outro
68%
jarmark łańcuch I: kiosk
67%
alert rcb
66%
koła
66%
saldo'07
66%
świat jest WFem
66%
adieu
65%
karimata (mute)
65%
outro
65%
pokedex
65%
soma
65%
wszystko na niby
65%
art-b
64%
łańcuch II: korek
64%
ślepe sumy
64%
1990s utopia
63%
515
63%
bxl
63%
ekodiesel
63%
tijuana
63%
to by było na tyle
63%
wujek dobra rada
63%
wwa vhs
63%
czarna kawa czeka
62%
mgła II (mówisz, masz)
62%
35
61%
influenza
61%
łańcuch III: korpo
61%
modigliani
61%
W.N.P
61%
na paryskie getto pada deszcz
60%
leci nowy future
59%
ściany mają uszy
59%
visa
59%
wwa nie berlin
59%
może to coś zmieni
58%
dwuzłotówki dancing
57%
mleko & miód
57%
szczerze
57%
sztylet
57%
abonent jest czasowo niedostępny
56%
codziennie
56%
Panie, to Wyście!
56%
grand prix
55%
soma 0.25mg leonardo
55%
moje demony uciekły na urlop
55%
szczękościsk
54%
wytrawne (z nutą desperacji)
54%
italodisco
53%
pireneje
53%
nie mam czasu
52%
ortalion
52%
sectumsempra
52%
wiem
52%
I.S.W.T
49%
pieniądz i terror
47%
głupi byt
46%
michael essien birthday party
46%
pol smoke
46%
big pharma
45%
c3po
45%
nie ufam sobie sam
45%
tlc
43%
giro d'italia
42%
benevento
41%
bonus sznycel
40%
bonus GBP freestyle
22%
bonus algorytm
20%
bonus wielki gatsby z benzynowej stacji
20%
Nie znaleziono quizów pasujących do podanych kryteriów
Rozkład punktacji
Procent ludzi z każdym wynikiem
Percentyl według liczby udzielonych odpowiedzi
Twoja historia wyników
Nie rozwiązałeś tego quizu od ostatniego zresetowania